header

Directions in technical writing and communication (Record no. 100831)

MARC details
000 -LEADER
fixed length control field 01605nam a2200361 a 4500
082 04 - DEWEY DECIMAL CLASSIFICATION NUMBER
Classification number 808.066
245 00 - TITLE STATEMENT
Title Directions in technical writing and communication
260 ## - PUBLICATION, DISTRIBUTION, ETC. (IMPRINT)
Place of publication Farmingdale, N.Y. :
Name of publisher Baywood Pub. Co.,
Year of publication 1978.
300 ## - PHYSICAL DESCRIPTION
Number of Pages iv, 152 p. :
Other physical details ill.
490 1# - SERIES STATEMENT
Series statement Baywood's technical communications series ;
505 0# - FORMATTED CONTENTS NOTE
Formatted contents note pt. I. What is technical communication? -- pt. II. Basic forms of technical communication -- pt. III. Technical communication in practice -- pt. IV. Evaluating technical communication -- pt. V. Viewpoints in technical communication.
650 #0 - SUBJECT ADDED ENTRY--TOPICAL TERM
Topical Term Technical writing.
Topical Term Communication of technical information.
700 1# - ADDED ENTRY--PERSONAL NAME
Personal name Gould, Jay Reid.
856 40 - ELECTRONIC LOCATION AND ACCESS
Uniform Resource Identifier http://site.ebrary.com/lib/rucke/Doc?id=10613396

No items available.

© 2026 Rongo University
Contact us: librarian | system librarian | Rongo university